000 00363nam a22001697a 4500
003 NUST
020 _a9789350141335
038 _akhadija
082 _a629.83
_bHAS
100 _aS. Hasan Saeed
_984511
245 _aControl Systems-1
260 _aNew Delhi
_bS.K.K
_c2012.
300 _a434 p. ;
500 _aPaperback.
563 _aPB
942 _cBK
_2ddc
999 _c33139
_d33139